In Other Media: The Office (U.S.) Quiz Stats

 Plays Quiz not verified by Sporcle

Score 0/30 Timer 10:00
0 Plays Today
% Correct
The 40-Year-Old Virgin
95.9%
Shrek the Third
94.9%
Despicable Me
93.9%
Monsters University
91.3%
The Hangover
91.3%
American Dad!
91.1%
BoJack Horseman
90.3%
Bridesmaids
86.7%
Inside Out
83.9%
Bad Teacher
82.4%
The Cleveland Show
82.4%
Captain Underpants: The First Epic Movie
78.4%
Juno
76.3%
Little Miss Sunshine
73.1%
Hot Tub Time Machine
71.2%
% Correct
Sausage Party
70.5%
New Girl
68.7%
21 Jump Street
68.2%
Blades of Glory
62.1%
Wreck-It Ralph
59.5%
The Mindy Project
58.8%
Law & Order: Special Victims Unit
57.7%
Arrested Development
46%
The Lorax
37.2%
Monsters vs. Aliens
32.8%
Yo Gabba Gabba!
29.7%
That '70s Show
29%
House of 1000 Corpses
6.3%
Sofia the First
5.1%
Dan vs.
4.1%

You're not logged in!

Compare scores with friends on all Sporcle quizzes.
OR
Log In

Sporcle TV

Today on Sporcle TV


Watch our educational content, quiz creation guides, and fun videos on Sporcle TV.

Show Comments

Extras

Top Quizzes Today


Score Distribution

Your Account Isn't Verified!

In order to create a playlist on Sporcle, you need to verify the email address you used during registration. Go to your Sporcle Settings to finish the process.

Report this User

Report this user for behavior that violates our Community Guidelines.

Details: